000 00470nam a2200181Ia 4500
005 20250423100823.0
008 250422s9999 xx 000 0 und d
020 _a0963011960
050 _aHG 2040 .5 .U5 S35/
100 _aScholen, Ken
245 0 _aRetirement income on the house : cashing in on your home with a "reverse" mortgage
260 _aMarshall
260 _bNCHEC Press
260 _c1992
300 _a340 p
650 _aRetirement
942 _cBK
999 _c34440
_d34440